Statistics for Hogwarts Headmasters (hard)

Click here to take the quiz!

General Stats

  • This quiz has been taken 8 times
  • The average score is 8 of 28

Answer Stats

HintAnswer% Correct
Potions ProfessorSeverus Snape
100%
Headmaster during Harry's first yearAlbus Dumbledore
88%
Loves pink and catsDolores Umbridge
75%
The most unpopular Headmaster in historyPhineas Nigellus Black
75%
Headmaster during Tom Riddle's years at HogwartsArmando Dippet
50%
Head of GryffindorMinerva McGonagall
50%
A contemporary of Walter Aragon and Aberforth DumbledoreBrian Gagwilde
25%
1741-1768Dilys Derwent
25%
One of the most celebrated headsEverard
25%
c. 1724Amrose Swott
13%
Awarded the title of DameAntonia Creaseworthy
13%
A Ravenclaw known for his love of education and the Hogwarts LibraryBasil Fronsac
13%
Authored the Beaters' BibleBrutus Scrimgeour
13%
Highly informed on the Elder Wand and Ravenclaw's DiademDexter Fortescue
13%
Specialised in Muggle StudiesEdessa Sakndenberg
13%
A ruthless Slytherin and pure-blood supremacistElizabeth Burke
13%
Bewitched the Daedalian KeysEupraxia Mole
13%
c. 1531Fytherley Undercliffe
13%
A Hufflepuff from Harry Potter's year is a descendant of himGiffard Abbott
13%
Her name is a term used to describe a plant, which turns to face the sunHeliotrope Wilkins
13%
His portrait was based on an 1851 portrait of archaeologist Michelangelo LanciLimebert
13%
Authored two known books on mugglesMordicus Egg
13%
One of the KeepersNiamh Fitzgerald
13%
Author of One Thousand Magical Herbs and FungiPhyllida Spore
13%
Authored The Dark Forces: A Guide to Self-ProtectionQuentin Trimble
13%
Published a wide bibliography ranging from Dark charms to taming tigersVindictus Viridian
13%
His name comes from the Latin word for foxVulpus
13%
A contemporary of Brian Gagwilde and authored Newts of BognorWalter Aragon
13%

Score Distribution

Percentile by Number Answered

Percent of People with Each Score

Your Score History

You have not taken this quiz